000 01108nam a22003377a 4500
001 BR0906406
003 BR-BrBNA
005 20230928103131.0
007 ta
008 230509b bl.||||| |||| 00| 0 por d
040 _aBR-BrBNA
_bpor
_cBiblioteca Nacional de Agricultura
041 _a(Por)
072 _aL74
_b5400
090 _ 5400 BR0906406
100 1 _aRibeiro, E.L.
110 1 _aUniversidade Federal de Minas Gerais, Belo Horizonte (Brasil). Escola de Veterinária
_0Tese (Mestre em Ciência Animal)
245 1 _aAvaliação clínica e laboratorial de cães submetidos ao envenenamento por Tityus serrulatus Lutz e Mello, 1922 (Scorpiones, Buthidae)
260 3 _aBelo Horizonte, MG (Brasil):
_c2008.
300 _a100 p.
500 _aSummaries (Eng, Por); Bibliography p. 85-97; 35 tables; 21 illus.
650 _aCÃO
650 _aESCORPIÃO
650 _aVENENO
650 _aINTOXICAÇÃO
650 _aANIMAL DE LABORATÓRIO
650 _aDIAGNÓSTICO
650 _aPROFILAXIA
650 _aANÁLISE QUÍMICA
909 _a202309
_bLucia
_c55
_dLucia Elande
942 _cBK
999 _c73863
_d73863